000 00790nam a2200229Ia 4500
005 20250108124842.0
008 008 250107s9999 xx 000 0 hin d
020 _a978-93-93428-16-5
037 _aTB
040 _aCRL
_bhin
_cCRL
041 _ahin
_2hin
084 _aw2,N P7
084 _qCRL
100 _aउमट, अनिरूद्ध, ले.
245 0 _aआहटों के सपने
_cउमट, अनिरूद्ध, ले.
260 _aबीकानेर, भारत
_bसूर्य प्रकाशन मन्दिर
_c2439
300 _a112पृ0
365 _aINR
_b195
650 _aहिन्दी कहानीहिन्दी साहित्य
_9729733
942 _cTB
_hw2,N P7
999 _c1234827
_d1234827